[Event "Pavlodar Open 2018"]
[Site "Pavlodar"]
[Date "2018.11.24"]
[Round "2"]
[White "Korneev, Oleg"]
[Black "Tleubayev, Nurlan"]
[Result "1/2-1/2"]
[WhiteElo "2551"]
[BlackElo "2214"]
[Annotator "TA"]
[PlyCount "64"]
[EventDate "2018.11.23"]
[EventType "swiss"]
[EventCountry "KAZ"]
[SourceTitle "playchess.com"]
[Source "ChessBase"]
[SourceQuality "1"]

{[%evp 33,64,52,60,40,89,37,88,68,98,60,68,39,52,52,47,3,85,0,42,53,62,44,60,60,60,60,60,50,41,39,60,60,55]} 1. e4 e5 2. Nf3 Nc6 3. Bc4 Bc5 4. O-O Nf6 5. d3 d6 6. c3 O-O 7. Nbd2 {[%cal Bb1d2,Bd2f1,Bf1g3][%mdl 32]} a6 8. Bb3 Ba7 9. h3 Ne7 10. Re1 Ng6 11. Nf1 h6 12. Ng3 Re8 13. d4 {C54: Giuoco Piano: 4 c3 Nf6, main lines with 5 d4 and 5 d3} c6 (13... Qe7 14. Be3 Bd7 {0-1 (48) Volokitin,A (2628)-Mamedyarov,S (2799) Riadh 2017}) 14. Be3 Qc7 15. Qd2 Kh7 16. Rad1 Be6 17. Bc2 Rad8 {LiveBook: 3 Games} 18. Qc1 Bb6 $146 {[#]} ({Predecessor:} 18... b5 19. Nf5 Bxf5 20. exf5 Nf8 21. dxe5 Bxe3 22. Rxe3 dxe5 23. Rxd8 Rxd8 24. Nxe5 {1-0 (41) Sebastian,D (2439)-Straeter,T (2325) Germany 2011}) 19. a3 (19. Nf5 $1 $16) 19... Rd7 (19... c5 $14) 20. b4 Qb8 21. Qb1 {dxe5 is the strong threat.} Bc7 22. Bd3 b5 23. Qc2 Kg8 24. Qc1 Kh7 (24... Bb3 $11 {remains equal.}) 25. Qc2 Kg8 26. a4 {White is slightly better.} Rdd8 27. Qc1 Kh7 28. a5 Qb7 29. Qc2 Kg8 30. Rb1 Bb8 31. Qc1 Kh7 32. Bc2 Rd7 {Accuracy: White = 38%, Black = 47%.} 1/2-1/2

[Event "Pavlodar Open 2018"]
[Site "Pavlodar"]
[Date "2018.11.24"]
[Round "2"]
[White "Sisabayev, Kuanysh"]
[Black "Vorobiov, Evgeny E."]
[Result "1/2-1/2"]
[WhiteElo "2279"]
[BlackElo "2557"]
[Annotator "TA"]
[PlyCount "112"]
[EventDate "2018.11.23"]
[EventType "swiss"]
[EventCountry "KAZ"]
[SourceTitle "playchess.com"]
[Source "ChessBase"]
[SourceQuality "1"]

{[%evp 11,112,4,26,0,10,-9,42,35,41,9,15,7,11,5,7,6,10,-5,20,9,17,17,17,17,10,-13,-15,-8,0,-26,-8,-12,-20,-13,-21,-16,4,7,15,15,14,9,30,20,34,20,43,29,58,45,60,58,68,73,54,47,39,32,27,17,39,0,38,-23,33,0,0,0,4,0,0,0,23,0,0,0,0,0,0,0,0,0,0,0,0,0,0,0,0,0,0,0,0,0,0,0,0,0,0,0,0,0,0]} 1. d4 d5 2. Bf4 Nf6 3. e3 c5 4. Nf3 cxd4 5. exd4 Qb6 6. Nc3 {B13: Caro-Kann: Exchange Variation and Panov-Botvinnik Attack} a6 {LiveBook: 3 Games} 7. a3 (7. Na4 {with more complications.} Qc6 8. Nc5 Bg4 9. Be2 e6 10. Nd3) 7... Bg4 8. Be2 Bxf3 $146 (8... Nbd7 $11) ({Predecessor:} 8... Nc6 9. Na4 Qd8 10. Nc5 e6 11. b4 Ne4 12. Nxb7 {0-1 (48) Tran,M (2335)-Paravyan,D (2630) St Petersburg 2018}) 9. Bxf3 $14 e6 10. O-O (10. Na4 $5 {[%cal Ra4b6]} Qb5 11. c3 $11) 10... Nc6 {[%cal Bb8c6,Bc6a5,Ba5c4][%mdl 32]} 11. Re1 Be7 12. Be3 O-O 13. Na4 Qc7 14. Nc5 Na5 15. Nd3 Nc4 16. Bc1 Bd6 17. g3 b5 18. b3 Nb6 19. Bb2 Rfc8 20. Re2 Ne4 21. Bxe4 dxe4 22. Nc5 $1 Bxc5 23. dxc5 Qxc5 24. Rxe4 Nd5 25. c4 bxc4 26. Rxc4 Qe7 27. Rac1 Rd8 {[#] White must now prevent ...Ne3!} 28. Qd4 {[%csl Gb2][%cal Rd4g7]} (28. Qe2 {is interesting.} a5 29. Rc5 h6 30. h4 Qd7 31. a4) 28... Qf8 29. Qg4 a5 30. h4 Rab8 31. Qf3 f6 32. Rc5 Ra8 33. h5 h6 34. Rc6 Qf7 35. R1c4 e5 36. Bc1 Kh8 37. Rg4 ({White should play} 37. a4 $14) 37... Rac8 (37... Qxh5 $11 38. Kg2 Ra7) 38. Rgc4 Rxc6 39. Rxc6 Qe8 40. Rc4 Qe6 41. Bd2 Re8 42. Qe2 e4 {The position is equal.} 43. Rc5 e3 44. Bxe3 Nxe3 45. Qxe3 Qxe3 46. fxe3 Rxe3 $11 {[%mdl 4096] Endgame KR-KR} 47. Kg2 Rxb3 48. Rxa5 g5 49. Ra7 f5 50. a4 Ra3 51. a5 f4 52. gxf4 gxf4 53. a6 Kg8 54. Kf2 Kh8 55. Ra8+ Kg7 56. a7 Kh7 {Accuracy: White = 47%, Black = 56%.} 1/2-1/2

[Event "Pavlodar Open 2018"]
[Site "Pavlodar"]
[Date "2018.11.24"]
[Round "3"]
[White "Utegaliyev, Azamat"]
[Black "Nevostrujev, Vladimir"]
[Result "1/2-1/2"]
[WhiteElo "2518"]
[BlackElo "2391"]
[Annotator "TA"]
[PlyCount "113"]
[EventDate "2018.11.23"]
[EventType "swiss"]
[EventCountry "KAZ"]
[SourceTitle "playchess.com"]
[Source "ChessBase"]
[SourceQuality "1"]

{[%evp 22,113,0,0,28,-21,-20,-45,-35,-31,-38,-47,-9,-15,-13,-17,0,0,0,-43,-50,-47,-62,-39,-20,-38,-30,-29,-30,-54,-18,-24,0,1,26,20,14,-43,0,0,0,0,14,0,0,0,0,0,0,0,0,0,0,0,0,0,0,0,0,0,0,0,0,0,0,0,0,0,0,0,0,0,0,0,0,0,0,0,0,0,0,0,0,0,0,0,0,0,0,0,0,0,0,0]} 1. c4 c5 2. Nc3 g6 3. g3 Bg7 4. Bg2 Nc6 5. Nf3 d6 6. O-O Bf5 7. d3 Nf6 8. Bd2 O-O 9. a3 Qd7 10. Rb1 Bh3 11. b4 Bxg2 {A38: Symmetrical English vs ...g6: 4 Bg2 Bg7 5 Nf3 Nf6} 12. Kxg2 {LiveBook: 5 Games} Rfc8 $146 ({Predecessor:} 12... b6 13. Qa4 Rfd8 14. Nd5 Nxd5 15. cxd5 {½-½ (30) Medvegy,Z (2561)-Nielsen,P (2662) Germany 2013}) 13. bxc5 dxc5 14. Bg5 Ne8 15. Qc1 b6 16. Bh6 Bxh6 17. Qxh6 {[#] Ng5 is the strong threat.} f6 18. Qd2 Nd4 19. Nxd4 cxd4 20. Nd5 (20. Ne4 {looks sharper.} Nc7 21. h4 Kg7 22. h5 Ne6 23. Rh1) 20... e6 21. Nb4 Rc5 22. Kg1 Rac8 23. Nc2 $1 Ng7 24. a4 Ra5 25. Ra1 e5 26. Nb4 Rxa4 27. Nd5 Rf8 28. Rxa4 (28. Ne7+ $5 Kh8 29. Qh6 $11) 28... Qxa4 29. e4 ({Better is} 29. f4 $11 Qe8 30. Qa2) 29... Ne8 (29... dxe3 $5 30. fxe3 Ne8 $11) 30. f4 {The position is equal.} Qa3 31. h4 Rf7 32. Kg2 Qd6 33. h5 Nc7 34. fxe5 Qxe5 35. hxg6 hxg6 36. Nf4 Ne6 37. Nxe6 Qxe6 $11 {[%mdl 4096] Endgame KQR-KQR} 38. Qh6 Qg4 39. Rh1 {[%csl Gh1][%cal Rh6h8]} Qe2+ 40. Kg1 {[%csl Gh1][%cal Rh6h8]} Qe1+ 41. Kg2 {[%csl Gh1][%cal Rh6h8]} Qe2+ {[%mdl 64] [#] Double Attack} 42. Kg1 {[%csl Gh1][%cal Rh6h8]} Qe3+ 43. Qxe3 dxe3 {KR-KR} 44. Kf1 Rh7 45. Rxh7 Kxh7 {KP-KP} 46. Ke2 f5 47. exf5 gxf5 48. Kxe3 {K3P-K3P} Kg6 49. d4 Kf6 50. Kd3 Ke6 51. Kc3 Kd6 52. Kb3 Kc6 53. Kc3 a6 54. Kb3 Kc7 55. Kc3 Kd6 56. Kb3 Kc6 57. Kc3 {Accuracy: White = 69%, Black = 66%.} 1/2-1/2

[Event "Pavlodar Open 2018"]
[Site "Pavlodar"]
[Date "2018.11.24"]
[Round "3"]
[White "Mirzoev, Azer"]
[Black "Kazakov, Konstantin"]
[Result "0-1"]
[WhiteElo "2489"]
[BlackElo "2358"]
[Annotator "TA"]
[PlyCount "150"]
[EventDate "2018.11.23"]
[EventType "swiss"]
[EventCountry "KAZ"]
[SourceTitle "playchess.com"]
[Source "ChessBase"]
[SourceQuality "1"]

{[%evp 25,150,33,49,41,56,35,32,22,29,9,14,11,40,50,40,19,50,7,19,23,40,38,41,33,39,37,59,39,34,29,35,40,57,41,50,35,52,39,112,122,110,103,256,174,156,77,137,0,0,0,0,0,0,0,0,0,0,0,0,0,0,0,0,-26,0,0,0,0,0,0,0,0,0,0,0,0,66,-8,-8,-29,0,0,0,-8,-4,-8,0,-146,-134,-136,-120,-265,-262,-272,-265,-265,-242,-253,-258,-738,-613,-726,-625,-1723,-2229,-2219,-2244,-2085,-1958,-1208,-1562,-1140,-564,-9905,-7109,-29970,-29969,-29972,-29973,-29978,-29977,-29981,-29983,-29983,-29984,-29984,-29985]} 1. d4 Nf6 2. Nf3 e6 3. c4 d5 4. e3 c5 5. cxd5 exd5 6. Bb5+ Bd7 7. Bxd7+ Nbxd7 {[%cal Bb8d7,Bd7c5,Bc5e4][%mdl 32]} 8. dxc5 Nxc5 9. O-O Be7 10. Nc3 O-O 11. b3 Rc8 {D30: Queen's Gambit Declined: Systems without Nc3} 12. Bb2 Nce4 13. Ne2 Qa5 {[#] LiveBook: 12 Games. White is slightly better.} 14. h3 $146 ({Predecessor:} 14. a3 Qa6 15. Nfd4 Rfd8 16. f3 Nc5 17. Qd2 Bf8 18. Rfd1 Qb6 19. Qb4 {½-½ (28) Ponomariov,R (2744)-Moiseenko,A (2670) Kharkov 2010}) 14... Rfd8 15. a3 Bd6 16. Ned4 Qa6 17. Nf5 Bf8 18. Rc1 Qb6 19. N5d4 Qa6 20. a4 Qb6 21. Qe2 a6 22. Rc2 Nc5 23. Rfc1 Ra8 24. Qd1 Nfe4 25. Ba1 Re8 26. Rb1 Rac8 27. g3 Rcd8 28. Kg2 Qb4 29. Ne2 Ne6 30. Nfd4 Rd7 31. Rbc1 Red8 ({Better is} 31... Qb6 $14) 32. Nxe6 $1 $16 fxe6 33. Nf4 Nc5 $2 (33... Qd6 $16) 34. Bd4 b6 35. Qg4 (35. Nd3 $142 Nxd3 36. Qxd3) 35... Re8 (35... e5 $142 36. Bxc5 bxc5) 36. Nh5 ({White should try} 36. a5 $16) 36... Rf7 $11 37. Bxc5 Qxg4 38. hxg4 bxc5 39. Nf4 Rc7 40. Nd3 Rec8 41. f4 Bd6 42. Kf3 h6 43. Rc3 Kf7 44. f5 (44. e4 {with more complications.} a5 45. e5 Bf8 46. f5 g5 47. R3c2) 44... exf5 45. gxf5 c4 46. bxc4 Rxc4 ({Much weaker is} 46... dxc4 47. Nb2 $14) 47. Rxc4 dxc4 {[%mdl 4096] Endgame KRB-KRN} 48. e4 Rc7 49. Nf4 Be5 50. Nd5 Rc5 (50... Rc6 $11) 51. g4 (51. Nb6 $1 $14) 51... c3 {[%cal Bc4c3,Bc3c2][%mdl 32]} 52. Ke3 Rc4 53. a5 $1 Rc5 54. Nb4 Kf6 55. Nd3 Rc4 56. Rb1 (56. Ne1 $11 {keeps the balance.}) 56... c2 57. Rc1 {intending Ne1.} Bc7 58. Ne1 (58. Nb2 $17 Rc3+ 59. Kd2 Bxa5 60. Rxc2 Rxc2+ 61. Kxc2) 58... Bxa5 $19 59. Rxc2 Bb6+ 60. Kd3 Rxc2 61. Nxc2 {[#] KB-KN} Kg5 $1 62. e5 $2 (62. Ne3 Bxe3 63. Kxe3 Kxg4 64. Kd4) 62... Kxg4 63. f6 gxf6 64. exf6 Kf5 65. Nb4 {[#]} a5 $1 {[%cal Ra5b4]} 66. Nd5 Bc5 67. Kc4 Bf8 68. Kb5 Ke6 (68... Ke4 $142 69. Nc3+ Kf5) 69. Nf4+ Kxf6 70. Kxa5 Kf5 {Black mates.} 71. Ng2 Bc5 72. Ne1 Bf2 73. Nf3 Kf4 74. Nh2 Kg3 75. Nf1+ Kg2 {Accuracy: White = 46%, Black = 55%.} 0-1

[Event "Pavlodar Open 2018"]
[Site "Pavlodar"]
[Date "2018.11.24"]
[Round "3"]
[White "Agmanov, Zhandos"]
[Black "Khanin, Semen"]
[Result "0-1"]
[WhiteElo "2368"]
[BlackElo "2510"]
[Annotator "TA"]
[PlyCount "54"]
[EventDate "2018.11.23"]
[EventType "swiss"]
[EventCountry "KAZ"]
[SourceTitle "playchess.com"]
[Source "ChessBase"]
[SourceQuality "1"]

{[%evp 15,54,39,45,-10,-23,-33,-16,-31,-25,-32,0,0,0,-38,-38,-39,-32,-90,-32,-27,-16,-19,-27,-25,-14,-40,0,-40,-42,-44,-41,-66,-84,-107,-111,-62,-37,-157,-169,-553,-551]} 1. e4 c5 2. Nf3 e6 3. d4 cxd4 4. Nxd4 Nc6 5. Nc3 Qc7 6. Be3 a6 7. Qf3 {B48: Sicilian: Taimanov: 5 Nc3 Qc7 6 Be3 a6 without Be2} Bd6 (7... Nf6 8. O-O-O d6 9. Nxc6 Qxc6 10. g4 b5 11. g5 Nd7 12. a3 Bb7 13. Qh3 Rc8 14. g6 Nf6 {0-1 (55) Durarbayli,V (2629)-Cori Tello,J (2664) Saint Louis 2018}) 8. O-O-O Be5 {LiveBook: 131 Games} 9. Be2 (9. Qe2 $14) 9... Nge7 $1 $11 10. Kb1 d6 $146 ({Predecessor:} 10... b5 11. Qg4 b4 12. Na4 d5 13. Nxc6 Qxc6 14. Nb6 Rb8 {½-½ (44) Colijn,E (1993)-Keetman,M (2243) Vlissingen 2017}) 11. Qh5 Nxd4 12. Bxd4 Nc6 13. Bxe5 dxe5 14. g3 O-O 15. Bd3 b5 16. Rhf1 {[#]} (16. f4 $15) 16... Bb7 (16... b4 $1 $17 {[%cal Rb4c3]} 17. Ne2 Bb7) 17. f4 $15 Rad8 18. f5 exf5 19. Nd5 Qd6 {Threatens to win with ...Nd4.} 20. Ne3 Nd4 21. Nxf5 Nxf5 22. exf5 {[#] aiming for f6.} Qf6 23. g4 e4 {[%cal Be5e4,Be4d3][%mdl 32]} 24. g5 Qe5 25. Rde1 g6 26. Qg4 ({White should try} 26. fxg6 $1 $15 fxg6 27. Qh4) 26... Rd4 $17 27. f6 $2 (27. Be2) 27... exd3 {[%mdl 64] Discovered Attack (Double check). Accuracy: White = 25%, Black = 70%.} 0-1

[Event "Pavlodar Open 2018"]
[Site "Pavlodar"]
[Date "2018.11.25"]
[Round "4"]
[White "Korneev, Oleg"]
[Black "Saiyn, Zhanat"]
[Result "1/2-1/2"]
[WhiteElo "2551"]
[BlackElo "2378"]
[Annotator "TA"]
[PlyCount "29"]
[EventDate "2018.11.23"]
[EventType "swiss"]
[EventCountry "KAZ"]
[SourceTitle "playchess.com"]
[Source "ChessBase"]
[SourceQuality "1"]

{[%evp 10,29,17,2,13,-4,8,-8,21,0,-20,-4,10,11,15,-14,-13,-16,-12,-44,-17,-52]} 1. e4 Nc6 2. d4 d5 3. e5 Bf5 4. Nf3 e6 5. Bd3 Nge7 6. O-O {LiveBook: 5 Games. B00: Queen's Fianchetto Defence, Nimzowitsch Defence} Qd7 (6... Bg4 7. c3 f6 8. Re1 fxe5 9. dxe5 Qd7 10. Nbd2 Bh5 11. Nb3 Ng6 12. h3 Nh4 13. Be2 Bxf3 14. Bxf3 Nxf3+ 15. Qxf3 {1-0 (35) Paichadze,L (2564)-Kovalenko,I (2646) Batumi 2018}) 7. c3 f6 8. Re1 fxe5 {[#] Hoping for ...Bxd3.} 9. dxe5 (9. Bb5 {seems wilder.} Ng6 10. dxe5 Bc5 11. b4 Bb6 12. a4) 9... Bxd3 10. Qxd3 Nf5 $146 ({Predecessor:} 10... Ng6 11. h4 Bc5 12. h5 Nf8 13. b4 {0-1 (31) Jeitz,C (2222)-Koykka,P (2302) Rhodes 2013}) 11. b4 {[%cal Bb2b4,Bb4b5][%mdl 32]} Be7 12. b5 Na5 13. Nbd2 O-O 14. c4 Rfd8 15. Qc3 {Accuracy: White = 17%, Black = 54%.} 1/2-1/2

[Event "Pavlodar Open 2018"]
[Site "Pavlodar"]
[Date "2018.11.25"]
[Round "4"]
[White "Zubarev, Alexander"]
[Black "Kargin, Arseny"]
[Result "1-0"]
[WhiteElo "2484"]
[BlackElo "2411"]
[Annotator "TA"]
[PlyCount "121"]
[EventDate "2018.11.23"]
[EventType "swiss"]
[EventCountry "KAZ"]
[SourceTitle "playchess.com"]
[Source "ChessBase"]
[SourceQuality "1"]

{[%evp 18,121,21,0,13,13,14,16,10,8,14,6,10,12,22,22,20,27,34,15,31,29,28,43,73,55,72,43,44,43,54,26,26,29,29,29,30,29,21,14,22,14,18,24,64,69,123,123,115,116,123,132,131,128,94,79,125,0,40,0,0,0,0,0,0,0,0,0,0,0,0,0,0,0,0,0,4,6,263,258,263,264,258,263,240,220,240,212,205,220,483,451,375,358,654,617,1482,1481,1397,1451,1445,1409,1397,1381,1208,1187]} 1. e4 c5 2. Nf3 d6 3. d4 cxd4 4. Nxd4 Nf6 5. Nc3 g6 6. Be2 Bg7 7. O-O Nc6 8. Nb3 O-O 9. Bg5 Be6 10. Re1 Na5 {B70: Sicilian Dragon: 6 g3 and 6 Be2 (without a later Be3)} (10... Rc8 11. Bf1 h6 12. Bf4 d5 13. exd5 Nxd5 14. Nxd5 Bxd5 15. c3 e5 16. Be3 b6 17. Qc1 Qh4 18. f3 Rfd8 {0-1 (52) Andriasian,Z (2585)-Nakamura,H (2781) chess.com INT 2018}) 11. Nd5 Bxd5 12. exd5 Rc8 {The position is equal.} 13. c3 Nc4 14. Bxc4 Rxc4 15. Qd3 $36 {[%mdl 2048] White is more active.} Rc8 $146 ({Predecessor:} 15... b5 16. Nd2 Rc8 17. a4 Nxd5 18. axb5 {1-0 (30) Marjanovic,S (2451)-Moraru,M (2408) Bucharest 1999}) 16. Re2 Re8 17. Rae1 Qd7 18. h3 Kf8 19. a3 Qa4 20. Nd2 b5 21. g3 Qa6 22. Bxf6 Bxf6 23. Ne4 Qb7 24. Nxf6 exf6 25. Rxe8+ Rxe8 26. Rxe8+ Kxe8 $14 {[%mdl 4096] Endgame KQ-KQ} 27. Kf1 f5 28. Ke2 h5 29. Kd2 Kd8 30. Qd4 Kc7 31. b4 Kb8 {[#]} (31... Kd7 $14) 32. c4 $1 $16 bxc4 33. Qxc4 Qb6 34. Ke2 Qb7 35. a4 Qe7+ 36. Kd2 Qe5 37. a5 ({Better is} 37. Kc2 $16) 37... a6 $1 $14 38. Kc2 Qe1 39. Qd4 Qe2+ 40. Kb3 Ka8 41. h4 Qf3+ 42. Kc2 Qe2+ 43. Kc3 Qe1+ 44. Kd3 Qd1+ 45. Ke3 Qe1+ 46. Kf3 Qh1+ 47. Ke2 f4 $2 {[%mdl 8192]} (47... Qc1 $11 {and Black is okay.}) 48. Qc4 $18 (48. gxf4 Qxh4 49. Qc4 Kb8 $11) (48. Qxf4 Qxd5 49. f3 Kb7 $11) 48... Kb8 {[#]} 49. b5 $1 {[%cal Rb5b6] Intending b6 and mate.} ({Worse is} 49. Qxf4 Qxd5 50. Qe3 Qb5+ 51. Kf3 Qb7+ 52. Ke2 Qb5+ 53. Kf3 Qb7+ 54. Ke2 Qb5+ $11) ({Not} 49. gxf4 Qxh4 50. b5 (50. Qxa6 Qxf4 51. Qb6+ Kc8 $11) 50... Qe7+ 51. Kf3 Qe1 $11) (49. Qxa6 Qe4+ 50. Kf1 Qh1+ 51. Ke2 Qe4+ 52. Kf1 Qh1+ 53. Ke2 $11) 49... f3+ 50. Ke3 {aiming for b6.} Qe1+ 51. Kxf3 {Qc6 is the strong threat.} Qxa5 52. bxa6 {Threatens to win with Qb3+.} Ka7 53. Qc6 {[%csl Ga6][%cal Rc6b7]} Qxa6 $2 (53... Qb4 54. Qd7+ Kxa6) 54. Qd7+ Kb8 55. Qd8+ Kb7 $2 (55... Ka7 56. Qe7+ Qb7 57. Qxd6 f6 58. Qxf6 Qxd5+ 59. Ke3 Qb3+ 60. Kf4 Qd5 61. Qxg6 Qd2+ 62. Kf3 Qd8 63. Qf7+ Kb6 64. Qe6+ Ka7) 56. Qe7+ {White is clearly winning.} Ka8 {With the idea ...Qd3+.} 57. Qf8+ Kb7 58. Qxf7+ {[%mdl 64] Double Attack} Kb6 59. Qxg6 {[%mdl 64] Double Attack} Kc5 60. Qxh5 Qf1 61. Qf5 {Accuracy: White = 72%, Black = 51%.} 1-0

[Event "Pavlodar Open 2018"]
[Site "Pavlodar"]
[Date "2018.11.25"]
[Round "4"]
[White "Kazakov, Konstantin"]
[Black "Khegay, Dmitriy"]
[Result "1/2-1/2"]
[WhiteElo "2358"]
[BlackElo "2505"]
[Annotator "TA"]
[PlyCount "67"]
[EventDate "2018.11.23"]
[EventType "swiss"]
[EventCountry "KAZ"]
[SourceTitle "playchess.com"]
[Source "ChessBase"]
[SourceQuality "1"]

{[%evp 21,67,0,8,0,6,0,14,0,12,2,8,7,8,13,12,10,18,13,21,0,21,15,33,24,34,19,30,29,30,28,27,13,35,37,38,44,45,16,13,0,0,0,8,0,34,21,37,0]} 1. e4 e6 2. d4 d5 3. Nd2 c5 4. exd5 exd5 5. Bb5+ Bd7 6. Qe2+ Be7 7. Bxd7+ Nxd7 8. Ngf3 Ngf6 9. dxc5 O-O 10. O-O {C08: French Tarrasch: 3...c5 4 exd5 exd5 sidelines} Nxc5 11. Nb3 Nce4 {LiveBook: 8 Games} 12. c3 {The position is equal.} Re8 13. Qd3 $146 ({Predecessor:} 13. Nbd4 Bd6 14. Qd3 Qd7 15. Ne2 {0-1 (36) Lobzhanidze,N-Alavkin,A (2441) Tula 1999}) 13... Nd6 14. Nbd4 h6 15. Nh4 Nfe4 16. Nhf5 Nxf5 17. Nxf5 Bc5 18. Be3 Qf6 19. Nd4 Rad8 20. Rad1 a6 (20... Qb6 $5 {[%cal Rb6b2]}) 21. Rfe1 Bd6 22. Nf3 {[%cal Bd4f3,Bf3h4,Bh4f5,Bf5e3][%mdl 32]} Bc7 23. Bd4 Qd6 24. g3 Qd7 25. Kg2 Qa4 26. Qb1 Re6 27. Nh4 {And now Nf5 would win.} Rde8 28. Nf5 Be5 29. Ne3 Nf6 30. Bxe5 Rxe5 31. Rd4 Qb5 32. Qc2 Re4 33. Red1 {[%cal Re3d5]} Qc6 34. Qd3 {Accuracy: White = 48%, Black = 31%.} 1/2-1/2

[Event "Pavlodar Open 2018"]
[Site "Pavlodar"]
[Date "2018.11.26"]
[Round "5"]
[White "Khegay, Dmitriy"]
[Black "Urazayev, Arystanbek"]
[Result "1/2-1/2"]
[WhiteElo "2505"]
[BlackElo "2421"]
[Annotator "TA"]
[PlyCount "144"]
[EventDate "2018.11.23"]
[EventType "swiss"]
[EventCountry "KAZ"]
[SourceTitle "playchess.com"]
[Source "ChessBase"]
[SourceQuality "1"]

{[%evp 16,144,34,33,43,42,55,17,15,14,16,0,0,0,94,96,88,81,85,58,60,62,60,53,59,54,53,50,51,45,52,47,51,54,62,28,57,43,35,35,47,46,57,66,56,60,70,68,84,84,94,61,76,79,72,81,96,84,113,113,114,102,116,110,127,121,125,93,145,163,204,193,299,266,293,292,290,297,284,298,287,280,559,535,484,468,468,461,461,461,461,0,156,0,0,0,0,0,0,0,0,0,0,0,0,0,0,0,0,0,0,0,0,0,0,0,0,0,0,0,0,0,0,0,0,0,0,0,0,0,0]} 1. d4 Nf6 2. c4 e6 3. Nc3 Bb4 4. Qc2 d5 5. a3 Bxc3+ 6. Qxc3 dxc4 7. Qxc4 b6 {E36: Nimzo-Indian: Classical: 4...d5 5 a3} 8. Bf4 (8. Nf3 Ba6 9. Qc2 h6 10. Bf4 O-O 11. Rd1 Nbd7 12. g3 Rc8 13. Bg2 Nd5 14. O-O c5 15. Bd6 cxd4 {½-½ (45) Mamedyarov,S (2808)-Anand,V (2759) Leuven 2018}) 8... Ba6 9. Qxc7 {LiveBook: 19 Games} Qd5 {White is slightly better.} 10. Qd6 $1 ({Don't blunder} 10. Bd6 $2 Nc6 $19) 10... Qa5+ 11. Qb4 (11. b4 $5 {[%cal Rb4a5]} Qa4 12. f3 $14) 11... Nc6 12. Qxa5 Nxa5 13. O-O-O Rc8+ 14. Kb1 Nb3 (14... O-O $11) 15. Nh3 $146 ({Predecessor:} 15. Nf3) 15... Ke7 16. Bg5 Rhd8 17. e4 Bxf1 18. Rhxf1 h6 19. Bxf6+ $1 Kxf6 20. d5 Rc4 21. Ka2 Nc5 22. f3 exd5 23. exd5 Ke7 24. Rfe1+ Kd6 25. Ng1 (25. Nf2 {is interesting.} Rc2 26. Ng4 Rxg2 27. Ne3 Rxh2 28. Nc4+) 25... Rc2 26. Re2 $1 {[%cal Re2c2]} Rxe2 27. Nxe2 $14 {[%mdl 4096] Endgame KRN-KRN} Re8 28. Nc3 Kd7 29. Kb1 Nb7 30. Kc2 Nd6 31. Kd3 Re5 32. g4 f5 33. Kd4 Re7 34. h3 fxg4 35. hxg4 Rf7 36. Rf1 Rf4+ 37. Ke3 $1 {[%cal Re3f4]} Rc4 38. Kd3 Rc8 39. b3 Re8 40. a4 Rf8 41. f4 {[%cal Bf3f4,Bf4f5][%mdl 32]} Re8 (41... g6 $142) 42. f5 $16 Rf8 43. Ne4 Nxe4 (43... h5 {keeps fighting.}) 44. Kxe4 $18 {KR-KR} Re8+ 45. Kd4 Re2 46. f6 gxf6 47. Rxf6 Rg2 {[#]} 48. Rg6 $1 ({Weaker is} 48. Rxh6 Rxg4+ 49. Kc3 Rf4 $16) 48... Ke7 $2 (48... Rd2+ 49. Kc4 Rc2+ 50. Kb5 Rb2) 49. Kc4 Kd7 50. Rxh6 Rxg4+ 51. Kb5 Rg3 52. b4 Rg7 53. Rh8 $2 ({Only move:} 53. a5 $18) 53... Kc7 $2 {[#]} ({Black should try} 53... Kd6 $11) 54. a5 $2 (54. Rh4 $1 $16) 54... bxa5 $1 $11 {The position is equal.} 55. bxa5 Rg1 56. Rh7+ Kd6 57. Rxa7 {And now Rb7 would win.} Rb1+ 58. Ka6 Kxd5 59. Rb7 Ra1 60. Kb6 Rb1+ 61. Kc7 Rc1+ 62. Kb6 Rb1+ 63. Ka6 Ra1 64. Rc7 {Strongly threatening Kb6.} Kd6 65. Rc4 Rb1 66. Ka7 {Threatens to win with a6.} Kd7 67. a6 {Black must now prevent Rc5.} Rb2 68. Rc5 {Hoping for Rc3.} Rb1 69. Rh5 {aiming for Rc5.} Kc7 70. Rh7+ Kc8 71. Rb7 Rc1 72. Rb5 Kc7 {Accuracy: White = 72%, Black = 70%.} 1/2-1/2